|
|
|
|
| LEADER |
00000nam0a2200000 4500 |
| 001 |
356584 |
| 005 |
20231102010916.0 |
| 035 |
|
|
|a (RuTPU)RU\TPU\retro\13844
|
| 090 |
|
|
|a 356584
|
| 100 |
|
|
|a 20200722d1977 km y0rusy50 ca
|
| 101 |
0 |
|
|a rus
|
| 102 |
|
|
|a UZ
|
| 105 |
|
|
|a a z 001zy
|
| 200 |
1 |
|
|a Минералы Узбекистана
|h Т. 4
|f Академия наук Узбекской ССР, Институт геологии и геофизики им. Х. М. Абдуллаева ; под ред. С. Т. Бадалова
|
| 210 |
|
|
|a Ташкент
|c Фан
|d 1977
|
| 215 |
|
|
|a 296 с.
|c ил.
|
| 320 |
|
|
|a Библиогр.: с. 202-277
|
| 320 |
|
|
|a Указатель минералов: с. 278-293
|
| 606 |
1 |
|
|a Минералогия
|y Узбекистан
|2 stltpush
|3 (RuTPU)RU\TPU\subj\72190
|9 85762
|
| 610 |
1 |
|
|a минералы
|
| 610 |
1 |
|
|a Узбекистан
|
| 610 |
1 |
|
|a силикаты
|
| 610 |
1 |
|
|a хлориты
|
| 610 |
1 |
|
|a серпентиниты
|
| 610 |
1 |
|
|a алюмосиликаты
|
| 610 |
1 |
|
|a полевые шпаты
|
| 610 |
1 |
|
|a цеолиты
|
| 610 |
1 |
|
|a органические вещества
|
| 610 |
1 |
|
|a янтарь
|
| 610 |
1 |
|
|a мумие
|
| 610 |
1 |
|
|a озокерит
|
| 610 |
1 |
|
|a асфальтиты
|
| 675 |
|
|
|a 549(575)
|v 4
|
| 702 |
|
1 |
|a Бадалов
|b С. Т.
|4 340
|
| 712 |
0 |
2 |
|a Академия наук Узбекской ССР
|b Институт геологии и геофизики им. Х. М. Абдуллаева
|c (Ташкент)
|2 stltpush
|3 (RuTPU)RU\TPU\col\14202
|9 25885
|
| 801 |
|
1 |
|a RU
|b 63413507
|c 20200722
|
| 801 |
|
2 |
|a RU
|b 63413507
|c 20211220
|g RCR
|
| 942 |
|
|
|c BK
|